Logos des services de renseignements - Monde - Statistiques

Statistiques générales
  • Ce quiz a été pris 26 fois
  • Le résultat moyen est 6 sur 16
Statistiques - réponses
Par images Réponse % Correct
Central Intelligence Agency
89%
Direction générale de la sécurité extérieure
89%
Mossad
89%
Direction générale de la sécurité intérieure
84%
National Security Agency
53%
Federal Security Service
47%
Secret Intelligence Service
42%
Bundesnachrichtendienst
21%
Inter‑Services Intelligence
11%
Security Service
11%
Australian Secret Intelligence Service
5%
Bundesamt für Verfassungsschutz
5%
Millî İstihbarat Teşkilatı
5%
Shin Bet
5%
Research and Analysis Wing
0%
Service canadien du renseignement de sécurité
0%
Aucun quiz correspondant
Distribution des résultats
% des personnes avec chaque résultat
Percentile par nombre de réponses
Votre historique - résultats
Vous n’avez pas pris ce quiz